[Event "2. BUNDESLIGA MITTE 2018/2019"]
[Site "Grieskirchen, Friedberg/Sauwald, St. Veit, Deutschlandsberg"]
[Date "2019.03.01"]
[Round "9"]
[Board "6"]
[White "Danner, Georg"]
[Black "Salvenmoser, Stefan"]
[Result "0-1"]
[WhiteElo "2330"]
[BlackElo "2242"]
[PlyCount "112"]
[EventDate "2018.10.19"]
[EventType "team"]
[EventRounds "11"]
[EventCountry "AUT"]
[WhiteTeam "SC Pinggau-Friedberg"]
[BlackTeam "SPK Grieskirchen/Schallerbach"]

1.d4 Nf6 2.c4 g6 3.Nc3 Bg7 4.e4 O-O 5.Be2 d6 6.Be3 c5 7.d5 e6 8.Nf3 Re8 9.Nd2 Na6
10.O-O Nc7 11.a4 Na6 12.Bg5 e5 13.g4 Nb4 14.Kg2 Qd7 15.f3 h5 16.h3 Nh7 17.Be3 Bf6
18.Rh1 h4 19.Na2 Nxa2 20.Rxa2 a5 21.Nb1 Qd8 22.Nc3 Bd7 23.Bd3 Bg5 24.Bf2 b6 25.Nb5
Bxb5 26.cxb5 Kg7 27.b3 Rh8 28.Rf1 Bf4 29.Qe1 Nf8 30.Rg1 Qf6 31.Be3 Bxe3 32.Qxe3 Qf4
33.Kf2 Nd7 34.Qxf4 exf4 35.Rc2 Ne5 36.Be2 f6 37.Rc3 Kf7 38.Re1 Rhe8 39.Bf1 Re7 40.Rcc1
Rae8 41.Rcd1 f5 42.exf5 gxf5 43.gxf5 Kf6 44.Re4 Kxf5 45.Be2 Rg8 46.Rh1 Rg3 47.Rh2
Ng6 48.Rxe7 Nxe7 49.Bc4 Ke5 50.Rh1 Nf5 51.Bd3 Ne3 52.Be4 Rg2+ 53.Ke1 Kd4 54.Bh7 Kc3
55.Be4 Kxb3 56.Bd3 c4 0-1

[Event "2. BUNDESLIGA MITTE 2018/2019"]
[Site "Grieskirchen, Friedberg/Sauwald, St. Veit, Deutschlandsberg"]
[Date "2019.03.01"]
[Round "9"]
[Board "1"]
[White "Leisch, Lukas"]
[Black "Hera, Imre"]
[Result "0-1"]
[WhiteElo "2338"]
[BlackElo "2605"]
[PlyCount "54"]
[EventDate "2018.10.19"]
[EventType "team"]
[EventRounds "11"]
[EventCountry "AUT"]
[WhiteTeam "Freistadt/Wartberg"]
[BlackTeam "SPG Fuerstenfeld/Hartberg"]

1.c4 e6 2.Nc3 d5 3.e3 Nf6 4.Nf3 dxc4 5.Bxc4 a6 6.a4 b6 7.O-O Bb7 8.d4 c5 9.Qe2 Qc7
10.Rd1 Nbd7 11.e4 cxd4 12.Nxd4 Bd6 13.g3 Bc5 14.Bxe6 fxe6 15.Nxe6 Qc6 16.Nd5 Rc8 17.Nxg7+
Kf7 18.Bg5 Kxg7 19.Nxf6 Nxf6 20.Bxf6+ Kxf6 21.Rd5 Rhd8 22.Qf3+ Kg7 23.Qc3+ Kg6 24.Qd3
Qf6 25.g4 Qxf2+ 26.Kh1 Rxd5 27.exd5+ Kg7 0-1

[Event "2. BUNDESLIGA MITTE 2018/2019"]
[Site "Grieskirchen, Friedberg/Sauwald, St. Veit, Deutschlandsberg"]
[Date "2019.03.01"]
[Round "9"]
[Board "2"]
[White "Korpa, Bence"]
[Black "Koller, Hans-Juergen"]
[Result "1-0"]
[WhiteElo "2503"]
[BlackElo "2163"]
[PlyCount "59"]
[EventDate "2018.10.19"]
[EventType "team"]
[EventRounds "11"]
[EventCountry "AUT"]
[WhiteTeam "SPG Fuerstenfeld/Hartberg"]
[BlackTeam "Freistadt/Wartberg"]

1.Nf3 g6 2.g3 Bg7 3.Bg2 c5 4.c4 Nc6 5.Nc3 e5 6.O-O Nge7 7.a3 a5 8.Ne1 O-O 9.Nc2 d6
10.Rb1 Be6 11.Nd5 Bxd5 12.cxd5 Nd4 13.Nxd4 exd4 14.e4 dxe3 15.dxe3 b5 16.e4 b4 17.b3
Qd7 18.a4 c4 19.bxc4 Rac8 20.Qb3 Bd4 21.Bh6 Rfe8 22.Rbd1 Qa7 23.Bh3 Rc7 24.Qd3 Bc5
25.Qd2 Nc8 26.Qb2 Re5 27.Kh1 Nb6 28.f4 Nxa4 29.Qa1 Bd4 30.Qxa4 1-0

[Event "2. BUNDESLIGA MITTE 2018/2019"]
[Site "Grieskirchen, Friedberg/Sauwald, St. Veit, Deutschlandsberg"]
[Date "2019.03.01"]
[Round "9"]
[Board "3"]
[White "Mayerhofer, Peter"]
[Black "Poetz, Florian"]
[Result "0-1"]
[WhiteElo "2181"]
[BlackElo "2387"]
[PlyCount "50"]
[EventDate "2018.10.19"]
[EventType "team"]
[EventRounds "11"]
[EventCountry "AUT"]
[WhiteTeam "Freistadt/Wartberg"]
[BlackTeam "SPG Fuerstenfeld/Hartberg"]

1.e4 d6 2.d4 g6 3.Nc3 Bg7 4.f4 a6 5.a4 Nf6 6.Nf3 c5 7.Be2 cxd4 8.Nxd4 O-O 9.O-O Nc6
10.Nb3 Be6 11.Be3 Rc8 12.Nd2 d5 13.exd5 Nxd5 14.Nxd5 Qxd5 15.Nc4 Nd4 16.b3 Nxe2+ 17.Qxe2
Bxa1 18.Nb6 Qe4 19.Nxc8 Rxc8 20.Rxa1 Rxc2 21.Qf3 Qxf3 22.gxf3 Bxb3 23.Rd1 Bxa4 24.Rd8+
Kg7 25.Bd4+ f6 0-1

[Event "2. BUNDESLIGA MITTE 2018/2019"]
[Site "Grieskirchen, Friedberg/Sauwald, St. Veit, Deutschlandsberg"]
[Date "2019.03.01"]
[Round "9"]
[Board "4"]
[White "Csonka, Attila"]
[Black "Rechberger, Franz"]
[Result "1-0"]
[WhiteElo "2375"]
[BlackElo "2115"]
[PlyCount "65"]
[EventDate "2018.10.19"]
[EventType "team"]
[EventRounds "11"]
[EventCountry "AUT"]
[WhiteTeam "SPG Fuerstenfeld/Hartberg"]
[BlackTeam "Freistadt/Wartberg"]

1.e4 e5 2.Nf3 Nc6 3.c3 Nf6 4.d4 Nxe4 5.d5 Bc5 6.dxc6 Bxf2+ 7.Ke2 Bb6 8.Qd5 Nf2 9.cxb7
Bxb7 10.Qxb7 O-O 11.Rg1 e4 12.Nd4 Qh4 13.g3 Qf6 14.Bg2 c5 15.Nc2 c4 16.Rf1 Qd6 17.Ne3
Qd3+ 18.Kxf2 f5 19.Kg1 Rab8 20.Qa6 Rf6 21.Qa4 Bxe3+ 22.Bxe3 Qxe3+ 23.Kh1 Rh6 24.Qxc4+
Kh8 25.Qc7 Rxh2+ 26.Kxh2 Qh6+ 27.Bh3 Rxb2+ 28.Kg1 Qe3+ 29.Kh1 g6 30.Qd8+ Kg7 31.Qxd7+
Kg8 32.Qd8+ Kg7 33.Qd4+ 1-0

[Event "2. BUNDESLIGA MITTE 2018/2019"]
[Site "Grieskirchen, Friedberg/Sauwald, St. Veit, Deutschlandsberg"]
[Date "2019.03.01"]
[Round "9"]
[Board "5"]
[White "Traunwieser, Georg"]
[Black "Kuba, Guenter"]
[Result "0-1"]
[WhiteElo "2102"]
[BlackElo "2329"]
[PlyCount "56"]
[EventDate "2018.10.19"]
[EventType "team"]
[EventRounds "11"]
[EventCountry "AUT"]
[WhiteTeam "Freistadt/Wartberg"]
[BlackTeam "SPG Fuerstenfeld/Hartberg"]

1.d4 Nf6 2.Nf3 e6 3.e3 b6 4.Bd3 Bb7 5.Nbd2 c5 6.b3 cxd4 7.exd4 Be7 8.O-O O-O 9.Bb2
d6 10.Re1 Nbd7 11.Qe2 Re8 12.c4 Qc7 13.Qe3 Bf8 14.Qg5 g6 15.Re3 Bg7 16.Rae1 a6 17.Qh4
b5 18.Ng5 Qa5 19.Bc1 Qxa2 20.Rh3 Nf8 21.cxb5 Qa5 22.bxa6 Bxa6 23.Rd1 Bxd3 24.Rxd3
Qf5 25.Nc4 Ra1 26.Qg3 Nh5 27.Qe3 Rd8 28.g4 Qxg4+ 0-1

[Event "2. BUNDESLIGA MITTE 2018/2019"]
[Site "Grieskirchen, Friedberg/Sauwald, St. Veit, Deutschlandsberg"]
[Date "2019.03.01"]
[Round "9"]
[Board "6"]
[White "Spindelboeck, Gernot"]
[Black "Duy, Alexander"]
[Result "1-0"]
[WhiteElo "2205"]
[BlackElo "1764"]
[PlyCount "33"]
[EventDate "2018.10.19"]
[EventType "team"]
[EventRounds "11"]
[EventCountry "AUT"]
[WhiteTeam "SPG Fuerstenfeld/Hartberg"]
[BlackTeam "Freistadt/Wartberg"]

1.d4 f5 2.g3 Nf6 3.Bg2 g6 4.Nh3 Bg7 5.O-O O-O 6.c3 d6 7.Qb3+ d5 8.Nd2 a5 9.a4 Na6
10.Nf4 e6 11.Nf3 c5 12.Rd1 Qd6 13.c4 Nc7 14.Be3 b6 15.cxd5 Nfxd5 16.Nxd5 exd5 17.Bf4 1-0

[Event "2. BUNDESLIGA MITTE 2018/2019"]
[Site "Grieskirchen, Friedberg/Sauwald, St. Veit, Deutschlandsberg"]
[Date "2019.03.02"]
[Round "10"]
[Board "1"]
[White "Schachinger, Mario"]
[Black "Schmidt, Peter"]
[Result "1/2-1/2"]
[WhiteElo "2396"]
[BlackElo "2399"]
[PlyCount "81"]
[EventDate "2018.10.19"]
[EventType "team"]
[EventRounds "11"]
[EventCountry "AUT"]
[WhiteTeam "Frauental"]
[BlackTeam "SPG Sauwald"]

1.e4 c5 2.Nf3 g6 3.d4 cxd4 4.Nxd4 Nc6 5.Nc3 Bg7 6.Be3 Nf6 7.Bc4 O-O 8.Bb3 d6 9.f3
Nxd4 10.Bxd4 Be6 11.O-O Qa5 12.Nd5 Nxd5 13.exd5 Bd7 14.Bxg7 Kxg7 15.Qd4+ Kg8 16.Rfe1
Rfe8 17.Re3 Qc5 18.Qxc5 dxc5 19.a4 b6 20.Bc4 Kf8 21.Rb3 Red8 22.g4 Rab8 23.Kf2 Bc8
24.a5 Bd7 25.axb6 axb6 26.Be2 b5 27.Rc3 c4 28.b3 cxb3 29.cxb3 Be8 30.Rc5 Rd6 31.b4
Rbd8 32.Bxb5 Bxb5 33.Rxb5 Rxd5 34.Rxd5 Rxd5 35.Ke3 Ke8 36.Ra5 Rd1 37.Ra8+ Kd7 38.Rh8
Rb1 39.Rxh7 Ke6 40.h4 Rxb4 41.h5 1/2-1/2

[Event "2. BUNDESLIGA MITTE 2018/2019"]
[Site "Grieskirchen, Friedberg/Sauwald, St. Veit, Deutschlandsberg"]
[Date "2019.03.02"]
[Round "10"]
[Board "2"]
[White "Renner, Christoph"]
[Black "Mohr, Georg"]
[Result "1/2-1/2"]
[WhiteElo "2317"]
[BlackElo "2449"]
[PlyCount "87"]
[EventDate "2018.10.19"]
[EventType "team"]
[EventRounds "11"]
[EventCountry "AUT"]
[WhiteTeam "SPG Sauwald"]
[BlackTeam "Frauental"]

1.d4 Nf6 2.Bf4 d6 3.e3 g6 4.Nf3 Bg7 5.h3 O-O 6.Be2 c5 7.Nbd2 Be6 8.O-O Qb6 9.Qb1 cxd4
10.exd4 Nc6 11.c3 Bf5 12.Nc4 Qc7 13.Qd1 Rad8 14.d5 e5 15.dxe6 Bxe6 16.Re1 b5 17.Na3
a6 18.Nc2 Nd5 19.Bg5 Rde8 20.Nfd4 h6 21.Bh4 Nf4 22.Bf1 Nxd4 23.Nxd4 Bc4 24.Bg3 Rxe1
25.Qxe1 Nh5 26.Bh2 Bxf1 27.Qxf1 Qb6 28.Nc2 Re8 29.Re1 Be5 30.Kh1 Ng7 31.Ne3 Bxh2 32.Kxh2
Re6 33.Rd1 h5 34.Kg1 Ne8 35.Nd5 Qc5 36.Qd3 Nf6 37.Nf4 Re4 38.g3 Kg7 39.Kf1 Qf5 40.h4
d5 41.Qf3 Ng4 42.Qd3 Nf6 43.Rd2 Qe5 44.Rd1 1/2-1/2

[Event "2. BUNDESLIGA MITTE 2018/2019"]
[Site "Grieskirchen, Friedberg/Sauwald, St. Veit, Deutschlandsberg"]
[Date "2019.03.02"]
[Round "10"]
[Board "3"]
[White "Steiner, Stefan"]
[Black "Testor, Sebastian"]
[Result "1/2-1/2"]
[WhiteElo "2319"]
[BlackElo "2293"]
[PlyCount "115"]
[EventDate "2018.10.19"]
[EventType "team"]
[EventRounds "11"]
[EventCountry "AUT"]
[WhiteTeam "Frauental"]
[BlackTeam "SPG Sauwald"]

1.Nf3 Nf6 2.c4 c5 3.e3 g6 4.b3 Bg7 5.Bb2 O-O 6.Be2 b6 7.d4 cxd4 8.Nxd4 Bb7 9.O-O Nc6
10.Nd2 Nxd4 11.Bxd4 Qc7 12.Rc1 d6 13.Bf3 Rac8 14.Rc2 Bxf3 15.Nxf3 Qb7 16.Qa1 Rc7 17.Rfc1
Rfc8 18.Qb2 Qc6 19.Ne1 Qe8 20.Nd3 Qf8 21.Nb4 Ne8 22.Nd5 Rb7 23.e4 Bxd4 24.Qxd4 Qg7
25.Qe3 Nf6 26.f3 Kf8 27.g3 Nd7 28.f4 Rd8 29.Kg2 Rc8 30.Qf3 Nc5 31.Qe3 Nd7 32.Qf3 Nc5
33.Qe3 Nd7 34.h3 h6 35.Rf2 Nf6 36.Rfc2 Nd7 37.Rf2 Nf6 38.Nxf6 Qxf6 39.Rd1 Kg7 40.e5
dxe5 41.fxe5 Qc6+ 42.Kh2 Rd7 43.Rdf1 e6 44.Qf4 Qc5 45.h4 Qe7 46.Qe4 h5 47.Kh3 Qc5
48.Rf6 Rcc7 49.Qf4 Qd4 50.Rxf7+ Rxf7 51.Qxd4 Rxf1 52.Qd6 Rcf7 53.Qxe6 Re1 54.Qd6 Rf2
55.Qe7+ Kg8 56.Qe8+ Kh7 57.Qe7+ Kg8 58.Qe8+ 1/2-1/2

[Event "2. BUNDESLIGA MITTE 2018/2019"]
[Site "Grieskirchen, Friedberg/Sauwald, St. Veit, Deutschlandsberg"]
[Date "2019.03.02"]
[Round "10"]
[Board "4"]
[White "Taggatz, Mario"]
[Black "Ebner, Hubert"]
[Result "1/2-1/2"]
[WhiteElo "2210"]
[BlackElo "2243"]
[PlyCount "60"]
[EventDate "2018.10.19"]
[EventType "team"]
[EventRounds "11"]
[EventCountry "AUT"]
[WhiteTeam "SPG Sauwald"]
[BlackTeam "Frauental"]

1.d4 Nf6 2.Nf3 g6 3.Bg5 Bg7 4.Nbd2 O-O 5.c3 d5 6.e3 Nbd7 7.Be2 Re8 8.O-O e5 9.Nb3
c6 10.Rc1 Qb6 11.Bh4 a5 12.Qc2 exd4 13.cxd4 Ne4 14.Nbd2 Ndf6 15.Bxf6 Bxf6 16.Nxe4
Rxe4 17.Rb1 Re8 18.Bd3 a4 19.Rfc1 Bg4 20.Nd2 Be7 21.b4 axb3 22.Rxb3 Qa7 23.Rcb1 Bc8
24.Ra1 Qa4 25.Nb1 Ra7 26.Nc3 Qa5 27.Rab1 Bd6 28.Rc1 Ba3 29.Rcb1 Bd6 30.Rc1 Ba3 1/2-1/2

[Event "2. BUNDESLIGA MITTE 2018/2019"]
[Site "Grieskirchen, Friedberg/Sauwald, St. Veit, Deutschlandsberg"]
[Date "2019.03.02"]
[Round "10"]
[Board "5"]
[White "Krebs, Johann"]
[Black "Hiermann, Dietmar"]
[Result "0-1"]
[WhiteElo "2196"]
[BlackElo "2203"]
[PlyCount "118"]
[EventDate "2018.10.19"]
[EventType "team"]
[EventRounds "11"]
[EventCountry "AUT"]
[WhiteTeam "Frauental"]
[BlackTeam "SPG Sauwald"]

1.d4 d5 2.c4 e6 3.Nc3 Nf6 4.cxd5 exd5 5.Bg5 Be7 6.e3 c6 7.Bd3 Nbd7 8.Nge2 Nh5 9.Bxe7
Qxe7 10.Qd2 Nb6 11.O-O O-O 12.f3 g6 13.e4 Be6 14.e5 f6 15.f4 fxe5 16.fxe5 Ng7 17.Ng3
Qb4 18.Nge2 Bf5 19.a3 Qe7 20.Nf4 Bxd3 21.Qxd3 Rf7 22.Rf2 Raf8 23.Raf1 Na8 24.Nce2
Nc7 25.Nh3 Nce6 26.Nef4 g5 27.Ne2 Rxf2 28.Rxf2 Rxf2 29.Nxf2 h5 30.b4 Qf7 31.b5 Qf5
32.bxc6 bxc6 33.Qb3 Kh7 34.g3 g4 35.Qd3 Qxd3 36.Nxd3 Nf5 37.Ndf4 Nfxd4 38.Nxd4 Nxd4
39.e6 Kg8 40.Nxh5 Nxe6 41.Nf6+ Kf7 42.Nxg4 Nd4 43.Kf2 Ke6 44.h4 Kf5 45.Ne3+ Ke4 46.g4
Ne6 47.Ng2 d4 48.Ke2 c5 49.g5 Ng7 50.Ne1 c4 51.Kd2 a5 52.a4 d3 53.Kc3 Ke3 54.Ng2+
Kf3 55.Ne1+ Ke2 56.Ng2 Nh5 57.g6 d2 58.g7 d1=Q 59.g8=Q Qd2+ 0-1

[Event "2. BUNDESLIGA MITTE 2018/2019"]
[Site "Grieskirchen, Friedberg/Sauwald, St. Veit, Deutschlandsberg"]
[Date "2019.03.02"]
[Round "10"]
[Board "6"]
[White "Hellmayr, Alois"]
[Black "Khalakhan, Jurij"]
[Result "1/2-1/2"]
[WhiteElo "2283"]
[BlackElo "2279"]
[PlyCount "60"]
[EventDate "2018.10.19"]
[EventType "team"]
[EventRounds "11"]
[EventCountry "AUT"]
[WhiteTeam "SPG Sauwald"]
[BlackTeam "Frauental"]

1.Nf3 d6 2.d4 g6 3.e4 Bg7 4.Nbd2 c5 5.dxc5 dxc5 6.Be2 Nf6 7.O-O O-O 8.Re1 Nc6 9.c3
Qc7 10.Qc2 h6 11.a4 Na5 12.Nc4 Be6 13.Nxa5 Qxa5 14.Nd2 Qc7 15.Nc4 Rfd8 16.g3 b6 17.f3
Nd7 18.Be3 a6 19.Rad1 Rdc8 20.Rd2 b5 21.axb5 axb5 22.Na3 b4 23.cxb4 cxb4 24.Qxc7 Rxc7
25.Nb5 Rcc8 26.Na7 Rc7 27.Nb5 Rcc8 28.Na7 Rc7 29.Nb5 Rcc8 30.Nd4 Bc4 1/2-1/2

[Event "2. BUNDESLIGA MITTE 2018/2019"]
[Site "Grieskirchen, Friedberg/Sauwald, St. Veit, Deutschlandsberg"]
[Date "2019.03.02"]
[Round "10"]
[Board "1"]
[White "Pilaj, Herwig"]
[Black "Nemeth, Miklos"]
[Result "1/2-1/2"]
[WhiteElo "2336"]
[BlackElo "2491"]
[PlyCount "62"]
[EventDate "2018.10.19"]
[EventType "team"]
[EventRounds "11"]
[EventCountry "AUT"]
[WhiteTeam "SC Die Klagenfurter"]
[BlackTeam "SV Steyregg"]

1.Nf3 Nf6 2.g3 b6 3.Bg2 Bb7 4.O-O e6 5.d3 d5 6.Nbd2 Be7 7.e4 dxe4 8.dxe4 O-O 9.Qe2
Nc6 10.e5 Nd7 11.Rd1 Qc8 12.Nb3 Rd8 13.Bf4 a5 14.h4 a4 15.Nbd4 Ra5 16.c4 h6 17.h5
Na7 18.Bd2 Ra6 19.b4 axb3 20.axb3 c5 21.Rxa6 Bxa6 22.Nc2 b5 23.Ba5 bxc4 24.bxc4 Re8
25.Qd3 Nb8 26.Ne3 Nac6 27.Bc3 Rd8 28.Qb1 Rxd1+ 29.Qxd1 Nd7 30.Qb1 Qc7 31.Qe4 Bb7 1/2-1/2

[Event "2. BUNDESLIGA MITTE 2018/2019"]
[Site "Grieskirchen, Friedberg/Sauwald, St. Veit, Deutschlandsberg"]
[Date "2019.03.02"]
[Round "10"]
[Board "2"]
[White "Kovacs, Gabor"]
[Black "Wertjanz, David"]
[Result "1-0"]
[WhiteElo "2457"]
[BlackElo "2311"]
[PlyCount "95"]
[EventDate "2018.10.19"]
[EventType "team"]
[EventRounds "11"]
[EventCountry "AUT"]
[WhiteTeam "SV Steyregg"]
[BlackTeam "SC Die Klagenfurter"]

1.d4 Nf6 2.Bf4 e6 3.e3 b6 4.Qf3 d5 5.Nc3 Bb4 6.a3 Bxc3+ 7.bxc3 O-O 8.Bd3 c5 9.Qg3
Nc6 10.Bg5 c4 11.Be2 Ne4 12.Bxd8 Nxg3 13.hxg3 Rxd8 14.g4 b5 15.Nf3 f6 16.g5 fxg5 17.Nxg5
h6 18.Nh3 Bd7 19.Kd2 Be8 20.Bg4 e5 21.Rhb1 Rab8 22.a4 bxa4 23.Rxb8 Rxb8 24.Be6+ Bf7
25.Bd7 Be8 26.Bxe8 Rxe8 27.Rxa4 g5 28.Ra6 Re6 29.dxe5 Nd8 30.Rxa7 Rxe5 31.Ra8 Re8
32.Ra5 Kf7 33.Rxd5 Ne6 34.Ra5 Rb8 35.Ra4 Rc8 36.Ng1 h5 37.Nf3 Kf6 38.Ke2 g4 39.Nd2
h4 40.Rxc4 Rg8 41.Nf1 Kf5 42.Nh2 Rg7 43.Ra4 Rg8 44.Ra5+ Kf6 45.Rh5 g3 46.Nf3 Rc8 47.Nd2
Ng5 48.f4 1-0

[Event "2. BUNDESLIGA MITTE 2018/2019"]
[Site "Grieskirchen, Friedberg/Sauwald, St. Veit, Deutschlandsberg"]
[Date "2019.03.02"]
[Round "10"]
[Board "3"]
[White "Genser, Harald"]
[Black "Velicka, Petr"]
[Result "1/2-1/2"]
[WhiteElo "2274"]
[BlackElo "2430"]
[PlyCount "67"]
[EventDate "2018.10.19"]
[EventType "team"]
[EventRounds "11"]
[EventCountry "AUT"]
[WhiteTeam "SC Die Klagenfurter"]
[BlackTeam "SV Steyregg"]

1.d4 Nf6 2.Bf4 d5 3.e3 c5 4.Nf3 Nc6 5.Nbd2 Bf5 6.dxc5 Bg4 7.Be2 e6 8.O-O Bxc5 9.Ne5
Bxe2 10.Qxe2 O-O 11.c4 Bd6 12.Nd3 Bxf4 13.Nxf4 e5 14.Nxd5 Nxd5 15.cxd5 Qxd5 16.Rfd1
Rfd8 17.Nb3 Qe4 18.a3 b6 19.Rac1 Rxd1+ 20.Rxd1 Rd8 21.Rxd8+ Nxd8 22.f3 Qc6 23.Qd2
Ne6 24.Nc1 e4 25.f4 f5 26.Ne2 Kf7 27.h3 h5 28.g3 g5 29.h4 g4 30.Nc3 Ke7 31.Nd5+ Kf7
32.Nc3 Ke7 33.Nd5+ Kf7 34.Nc3 1/2-1/2

[Event "2. BUNDESLIGA MITTE 2018/2019"]
[Site "Grieskirchen, Friedberg/Sauwald, St. Veit, Deutschlandsberg"]
[Date "2019.03.02"]
[Round "10"]
[Board "4"]
[White "Enoeckl, Philipp"]
[Black "Petschar, Kurt"]
[Result "1-0"]
[WhiteElo "2291"]
[BlackElo "2239"]
[PlyCount "77"]
[EventDate "2018.10.19"]
[EventType "team"]
[EventRounds "11"]
[EventCountry "AUT"]
[WhiteTeam "SV Steyregg"]
[BlackTeam "SC Die Klagenfurter"]

1.d4 Nf6 2.Bg5 d5 3.e3 c5 4.Bxf6 gxf6 5.dxc5 Qa5+ 6.Nc3 e6 7.Qd4 Qxc5 8.Qxf6 Rg8 9.Qd4
Qa5 10.Qa4+ Qxa4 11.Nxa4 Bd7 12.Nc3 Nc6 13.O-O-O Rc8 14.Nge2 a6 15.e4 dxe4 16.Nxe4
Be7 17.Nf4 Nb4 18.c3 Bc6 19.Nd6+ Bxd6 20.Rxd6 Rg4 21.Nd3 Ke7 22.Ne5 Nxa2+ 23.Kb1 Bxg2
24.Rd7+ Kf8 25.Rxf7+ Ke8 26.Bxg2 Nxc3+ 27.bxc3 Rxg2 28.Rf3 Rc5 29.Re1 Rxh2 30.Kc2
Rh5 31.Nd3 Rc6 32.Rg1 Rf5 33.Rxf5 exf5 34.Rg7 b5 35.Rxh7 a5 36.Ra7 b4 37.Rxa5 Rxc3+
38.Kd2 f4 39.Nxb4 1-0

[Event "2. BUNDESLIGA MITTE 2018/2019"]
[Site "Grieskirchen, Friedberg/Sauwald, St. Veit, Deutschlandsberg"]
[Date "2019.03.02"]
[Round "10"]
[Board "5"]
[White "Jakits, Leopold"]
[Black "Meyer, Gordon"]
[Result "1/2-1/2"]
[WhiteElo "2175"]
[BlackElo "2206"]
[PlyCount "92"]
[EventDate "2018.10.19"]
[EventType "team"]
[EventRounds "11"]
[EventCountry "AUT"]
[WhiteTeam "SC Die Klagenfurter"]
[BlackTeam "SV Steyregg"]

1.c4 c5 2.g3 Nf6 3.Bg2 d5 4.cxd5 Nxd5 5.Nc3 Nc7 6.Nf3 Nc6 7.O-O e5 8.a3 Be7 9.b4 b5
10.bxc5 Bxc5 11.Qc2 O-O 12.Ng5 Qxg5 13.Bxc6 Qh5 14.Bf3 Bg4 15.Bxa8 Rxa8 16.Bb2 Ne6
17.Qe4 Rd8 18.Kh1 Ng5 19.Qb7 e4 20.h4 Bc8 21.Qc7 Ne6 22.Qc6 Qg4 23.Nxe4 Bb6 24.d4
Bxd4 25.Rad1 Qh3+ 26.Kg1 Bd7 27.Qc1 Rc8 28.Qd2 Bc6 29.Bxd4 Bxe4 30.f3 Qxg3+ 31.Kh1
Qh3+ 32.Kg1 Qg3+ 33.Kh1 Qxh4+ 34.Kg1 Qg3+ 35.Kh1 Qh3+ 36.Kg1 Qg3+ 37.Kh1 Nf4 38.Rf2
Rc6 39.Bf6 Bd5 40.Qe3 Re6 41.Qc3 gxf6 42.Qc8+ Kg7 43.Rg1 Qxg1+ 44.Kxg1 Nh3+ 45.Kf1
Nxf2 46.Kxf2 Bc4 1/2-1/2

[Event "2. BUNDESLIGA MITTE 2018/2019"]
[Site "Grieskirchen, Friedberg/Sauwald, St. Veit, Deutschlandsberg"]
[Date "2019.03.02"]
[Round "10"]
[Board "6"]
[White "Wiesinger, Robert"]
[Black "Opietnik, Christoph"]
[Result "1-0"]
[WhiteElo "2233"]
[BlackElo "2081"]
[PlyCount "75"]
[EventDate "2018.10.19"]
[EventType "team"]
[EventRounds "11"]
[EventCountry "AUT"]
[WhiteTeam "SV Steyregg"]
[BlackTeam "SC Die Klagenfurter"]

1.e4 c5 2.Nf3 d6 3.Bb5+ Bd7 4.Bxd7+ Qxd7 5.O-O Nc6 6.Qe2 Nf6 7.Rd1 e6 8.d4 cxd4 9.Nxd4
Be7 10.c4 O-O 11.Nc3 Rfd8 12.b3 Ne8 13.Bb2 a6 14.f4 Qc7 15.Nf3 Rab8 16.Kh1 Qa5 17.a3
b5 18.b4 Qb6 19.Rac1 bxc4 20.Qxc4 Rdc8 21.Qd3 Nc7 22.Na4 Qb5 23.Qc2 Ne8 24.Nc3 Qb7
25.Qe2 Nc7 26.Rb1 a5 27.Nd5 axb4 28.Nxe7+ Nxe7 29.axb4 Qxb4 30.Qd3 Qa4 31.Qxd6 Ng6
32.Be5 Rxb1 33.Rxb1 Qxe4 34.Rc1 Nxe5 35.Rxc7 Rb8 36.Qxe5 Rb1+ 37.Ng1 Qxe5 38.Rc8# 1-0

[Event "2. BUNDESLIGA MITTE 2018/2019"]
[Site "Grieskirchen, Friedberg/Sauwald, St. Veit, Deutschlandsberg"]
[Date "2019.03.02"]
[Round "10"]
[Board "1"]
[White "Gajek, Radoslaw"]
[Black "Flumbort, Andras"]
[Result "1/2-1/2"]
[WhiteElo "2446"]
[BlackElo "2452"]
[PlyCount "61"]
[EventDate "2018.10.19"]
[EventType "team"]
[EventRounds "11"]
[EventCountry "AUT"]
[WhiteTeam "Schachfreunde Graz"]
[BlackTeam "ASK St.Valentin"]

1.Nf3 c5 2.c4 Nc6 3.d4 cxd4 4.Nxd4 Nf6 5.Nc3 e6 6.a3 Bc5 7.e3 O-O 8.Be2 d5 9.cxd5
exd5 10.O-O Re8 11.Nxc6 bxc6 12.b4 Bd6 13.Bb2 Rb8 14.Qd2 a5 15.b5 Be5 16.a4 d4 17.exd4
Qxd4 18.Qxd4 Bxd4 19.Bf3 cxb5 20.axb5 Bd7 21.Rxa5 Bxb5 22.Rxb5 Rxb5 23.Nxb5 Bxb2 24.Rd1
Be5 25.g3 g6 26.Re1 Bb8 27.Rxe8+ Nxe8 28.Kg2 Kg7 29.Bc6 Nd6 30.Nxd6 Bxd6 31.h4 1/2-1/2

[Event "2. BUNDESLIGA MITTE 2018/2019"]
[Site "Grieskirchen, Friedberg/Sauwald, St. Veit, Deutschlandsberg"]
[Date "2019.03.02"]
[Round "10"]
[Board "2"]
[White "Sandhoefner, Florian"]
[Black "Huber, Martin Christian"]
[Result "1/2-1/2"]
[WhiteElo "2310"]
[BlackElo "2325"]
[PlyCount "75"]
[EventDate "2018.10.19"]
[EventType "team"]
[EventRounds "11"]
[EventCountry "AUT"]
[WhiteTeam "ASK St.Valentin"]
[BlackTeam "Schachfreunde Graz"]

1.d4 Nf6 2.c4 e6 3.Nc3 Bb4 4.Qc2 d5 5.cxd5 exd5 6.Bg5 h6 7.Bh4 c5 8.dxc5 O-O 9.e3
Be6 10.Nf3 Nbd7 11.a3 Bxc3+ 12.Qxc3 g5 13.Bg3 Ne4 14.Qc2 Ndxc5 15.b4 Rc8 16.Nd4 Bd7
17.Be2 Na4 18.Qb3 Nb6 19.Bd3 Qe7 20.Bxe4 Qxe4 21.O-O Ba4 22.Qa2 Rc3 23.Rfc1 Rfc8 24.Qd2
Rxc1+ 25.Rxc1 Rxc1+ 26.Qxc1 Nc4 27.Ne2 Qd3 28.Nc3 Bb3 29.h4 Nd2 30.hxg5 hxg5 31.Be5
Bc4 32.Qd1 Kf8 33.Qg4 Qf1+ 34.Kh2 Qxf2 35.Bd6+ Kg8 36.Qxg5+ Kh7 37.Qh5+ Kg7 38.Qg5+ 1/2-1/2

[Event "2. BUNDESLIGA MITTE 2018/2019"]
[Site "Grieskirchen, Friedberg/Sauwald, St. Veit, Deutschlandsberg"]
[Date "2019.03.02"]
[Round "10"]
[Board "3"]
[White "Kravanja, Georg"]
[Black "Hajnal, Zoltan"]
[Result "1-0"]
[WhiteElo "2284"]
[BlackElo "2402"]
[PlyCount "79"]
[EventDate "2018.10.19"]
[EventType "team"]
[EventRounds "11"]
[EventCountry "AUT"]
[WhiteTeam "Schachfreunde Graz"]
[BlackTeam "ASK St.Valentin"]

1.d4 d5 2.c4 c6 3.Nf3 Nf6 4.e3 Bf5 5.Nc3 e6 6.Nh4 Be4 7.f3 Bg6 8.Qb3 Qc7 9.g3 Be7
10.Bd2 a6 11.cxd5 cxd5 12.Nxg6 hxg6 13.O-O-O Nc6 14.Kb1 O-O 15.Ne2 b5 16.h4 Na5 17.Bxa5
Qxa5 18.Nf4 Rfc8 19.Bd3 Rc7 20.e4 Rd8 21.e5 Nd7 22.Bxg6 Nb6 23.Bxf7+ Kxf7 24.Qd3 Rc6
25.Qg6+ Kf8 26.h5 Rdc8 27.h6 gxh6 28.Nxe6+ Rxe6 29.Qxe6 Qa4 30.Qxb6 Qc2+ 31.Ka1 Rc6
32.Qa5 b4 33.Qxd5 h5 34.Qe4 Qa4 35.d5 Rc2 36.Rc1 Rxb2 37.Kxb2 Qa3+ 38.Kb1 b3 39.Rh2
bxa2+ 40.Rxa2 1-0

[Event "2. BUNDESLIGA MITTE 2018/2019"]
[Site "Grieskirchen, Friedberg/Sauwald, St. Veit, Deutschlandsberg"]
[Date "2019.03.02"]
[Round "10"]
[Board "4"]
[White "Theuretzbacher, Klaus"]
[Black "Jusic, Zdenko"]
[Result "0-1"]
[WhiteElo "2166"]
[BlackElo "2259"]
[PlyCount "76"]
[EventDate "2018.10.19"]
[EventType "team"]
[EventRounds "11"]
[EventCountry "AUT"]
[WhiteTeam "ASK St.Valentin"]
[BlackTeam "Schachfreunde Graz"]

1.Nf3 Nf6 2.c4 d6 3.g3 g6 4.Bg2 Bg7 5.Nc3 O-O 6.O-O e5 7.d3 h6 8.Rb1 a5 9.a3 Re8 10.Nd2
c6 11.b4 d5 12.b5 Be6 13.Qc2 Qc8 14.Na4 Nbd7 15.b6 Nf8 16.Re1 Bh3 17.Bh1 e4 18.dxe4
dxe4 19.Nf1 Qf5 20.Bg2 Ne6 21.Be3 Qh5 22.Rbd1 c5 23.Rd2 Bf5 24.Qd1 Rac8 25.Qb3 Ng4
26.Rd5 Nd4 27.Qd1 Re5 28.Bxd4 Rxd5 29.cxd5 cxd4 30.h3 Ne5 31.g4 Qh4 32.gxf5 gxf5 33.Kh1
Ng6 34.Ng3 Be5 35.Nxf5 Qf4 36.Ng3 e3 37.fxe3 Qxg3 38.Kg1 Nh4 0-1